| Tag |
First Indicator |
Second Indicator |
Subfields |
| LEADER |
00000pam a2200000 a 4500 |
| 001 |
in00003473413 |
| 005 |
20151206104850.0 |
| 008 |
880224s1988 enk 00110 eng d |
| 010 |
|
|
|a gb 87027680
|
| 015 |
|
|
|a GB87-27680
|
| 020 |
|
|
|a 033339920X (cased) :
|
| 020 |
|
|
|a 0333399218 (pbk) :
|
| 035 |
|
|
|a (OCoLC)ocm16084739
|
| 040 |
|
|
|a UKM
|c UKM
|d TNY
|d UtOrBLW
|
| 082 |
0 |
|
|a 428.2
|2 19
|
| 090 |
|
|
|a PE1112
|b .B62 1988
|
| 100 |
1 |
|
|a Blake, N. F.
|q (Norman Francis)
|
| 245 |
1 |
0 |
|a Traditional English grammar and beyond /
|c N.F. Blake.
|
| 264 |
|
1 |
|a Basingstoke :
|b Macmillan,
|c 1988.
|
| 300 |
|
|
|a viii, 155 pages ;
|c 23 cm.
|
| 336 |
|
|
|a text
|b txt
|2 rdacontent
|
| 337 |
|
|
|a unmediated
|b n
|2 rdamedia
|
| 338 |
|
|
|a volume
|b nc
|2 rdacarrier
|
| 504 |
|
|
|a Includes bibliography and index.
|
| 650 |
|
0 |
|a English language
|x Grammar.
|
| 999 |
|
|
|a MARS
|
| 999 |
f |
f |
|s e6f805bc-799d-3f76-bd32-348a05f132c6
|i 864daaf2-e269-3e7b-8f6f-68d771a5eb24
|t 0
|
| 952 |
f |
f |
|p ric
|a Texas A&M University
|b Rellis Campus
|c Joint Library Facility
|d Remote Storage
|t 0
|e PE1112 .B62 1988
|h Library of Congress classification
|i unmediated -- volume
|m 32060004436776
|
| 998 |
f |
f |
|a PE1112 .B62 1988
|t 0
|l Remote Storage
|